| 000 | 00856nam a22002177a 4500 | ||
|---|---|---|---|
| 999 |
_c19216 _d19216 |
||
| 003 | AR-CdUCM | ||
| 008 | 190516b ||||| |||| 00| 0 spa d | ||
| 040 |
_aMUNICIPALIDAD PROVINCIAL DEL CUSCO _cBIBLIOTECA MUNICIPAL DEL CUSCO |
||
| 082 |
_a372.11 / _bZ53 |
||
| 100 |
_aZazza, Rene _940425 |
||
| 245 | _aManual para el examen psicológico del niño / | ||
| 260 |
_aBuenos Aires : _bKapelusz, _c1963. |
||
| 300 |
_a479 paginas ; _bIlustraciones, _c21 cm. |
||
| 505 | _aContenido : Genesis y formulas de la lateralidad -- Tres pruebas de sincinesias -- Organización temporal y espacial -- Pruebas perceptivas... | ||
| 650 |
_aExamen psicológico _940426 |
||
| 650 |
_aCualidades de medición _940427 |
||
| 650 |
_aCualidades clínicas _940428 |
||
| 700 |
_aThomas, Juan Jorge (Traducción) _935799 |
||
| 942 |
_2ddc _cLIBROS |
||
| 945 |
_awnts _d2019-05-16 |
||